LEADER 01801oam 2200529zu 450 001 9910872863503321 005 20241212214900.0 035 $a(CKB)111026746722824 035 $a(SSID)ssj0000394708 035 $a(PQKBManifestationID)12138225 035 $a(PQKBTitleCode)TC0000394708 035 $a(PQKBWorkID)10388753 035 $a(PQKB)10601520 035 $a(EXLCZ)99111026746722824 100 $a20160829d1998 uy 101 0 $aeng 181 $ctxt 182 $cc 183 $acr 200 10$a1998 IEEE Southwest Symposium on Image Analysis and Interpretation : April 5-7, 1998, Tucson, Arizona, U.S.A 210 31$a[Place of publication not identified]$cIEEE$d1998 300 $aBibliographic Level Mode of Issuance: Monograph 311 08$a9780780348769 311 08$a0780348761 606 $aImage processing$vCongresses 606 $aImage analysis$vCongresses 606 $aRemote sensing$vCongresses 606 $aDiagnostic imaging$vCongresses 606 $aEngineering & Applied Sciences$2HILCC 606 $aApplied Physics$2HILCC 615 0$aImage processing 615 0$aImage analysis 615 0$aRemote sensing 615 0$aDiagnostic imaging 615 7$aEngineering & Applied Sciences 615 7$aApplied Physics 676 $a621.36/7 712 02$aUniversity of Arizona 712 02$aUniversity of Arizona Foundation, 712 02$aInstitute of Electrical and Electronics Engineers 712 02$aArizona State University 712 12$aIEEE Southwest Symposium on Image Analysis and Interpretation 801 0$bPQKB 906 $aPROCEEDING 912 $a9910872863503321 996 $a1998 IEEE Southwest Symposium on Image Analysis and Interpretation : April 5-7, 1998, Tucson, Arizona, U.S.A$92527008 997 $aUNINA